000 00671nam a2200217Ia 4500
005 20231130112117.0
008 131103s9999 xx 000 0 und d
020 _a8171580025
_cRs 60
040 _aLoreto College
041 _aEnglish
082 _a302.23
_bAST
100 _aAstor, J.J.
245 _aArt of modern journalism
_b A series of lectures on the technique of modern journalism delivered under the auspices of the Institute of journalists
_cJ.J. Astor
260 _aNew delhi
_bAkashdeep Publishing House
_c1991
300 _aix,218p
504 _aIncludes index
650 _aJournalism
651 _aMedia Studies
850 _aLCLIB
942 _cBK
999 _c8073
_d58552